| 000 | 00450nam a22001697a 4500 | ||
|---|---|---|---|
| 003 | OSt | ||
| 005 | 20250621205124.0 | ||
| 008 | 250621b |||||||| |||| 00| 0 eng d | ||
| 040 | _cDLC | ||
| 050 | _aKRX1750 | ||
| 100 | _aAsante, S. K. B | ||
| 245 | _aReflections on the Constitution, Law and Development | ||
| 260 |
_aAccra; _bGhana Academy of Arts and Science; _cc2002 |
||
| 300 | _aiii, 92 p.; | ||
| 600 | _2Constitution Law | ||
| 942 |
_2lcc _cBK _n0 |
||
| 999 |
_c6621 _d6621 |
||